Normal view
MARC view
- تاليف Michael Mccarthy;م.مشارك O,dell,Felicity
Entry Personal Name
001 - CONTROL NUMBER
- control field: 2190
003 - CONTROL NUMBER IDENTIFIER
- control field: JO-AjAnu
005 - DATE AND TIME OF LATEST TRANSACTION
- control field: 20230606070649.0
008 - FIXED-LENGTH DATA ELEMENTS
- fixed length control field: 230606|| aca||aabn | a|a d
040 ## - CATALOGING SOURCE
- Original cataloging agency: JO-AjAnu
- Transcribing agency: JO-AjAnu
100 ## - HEADING--PERSONAL NAME
- Personal name: تاليف Michael Mccarthy;م.مشارك O,dell,Felicity
670 ## - SOURCE DATA FOUND
- Source citation: Work cat.: (JO-AjAnu)1148: تاليف Michael Mccarthy;م.مشارك O,dell,Felicity, author, English Idioms in Use :60 units of vocabulary refernce and Pratice Self-study and classroom use